[Event "Mechanics' Wilkerson Mem TNM; 30/90, SD"]
[Site "San Francisco"]
[Date "2009.08.04"]
[Round "2.4"]
[White "Lin, Aung Tun"]
[Black "Fuentes, Romulo"]
[Result "0-1"]
[WhiteElo "1744"]
[BlackElo "2121"]
[PlyCount "94"]
[EventDate "2009.??.??"]

1. Nf3 c5 2. b3 Nc6 3. Bb2 d6 4. e3 Nf6 5. Be2 e5 6. O-O Be7 7. d3 h6 8. Nbd2
Be6 9. Ne1 Qd7 10. f4 Ng4 11. Rf3 f5 12. c4 Bf6 13. Nf1 e4 14. Bxf6 exf3 15.
Bxf3 Nxf6 16. d4 cxd4 17. exd4 Bf7 18. d5 Ne7 19. Ng3 O-O 20. a4 a6 21. a5 Qc7
22. Qe2 Rfe8 23. Qd2 b5 24. Rc1 Rac8 25. Nd3 bxc4 26. bxc4 Rb8 27. h3 Rb3 28.
Rc3 Qxa5 29. Ne2 Rxc3 30. Nxc3 Rb8 31. Qc2 Rc8 32. Qb3 Bh5 33. Bxh5 Nxh5 34. c5
Rxc5 35. Nxc5 Qxc5+ 36. Kh2 Nxf4 37. Nd1 Qxd5 38. Qg3 Qxd1 39. Qxf4 Qd5 40. Qa4
Qe5+ 41. Kg1 a5 42. Qe8+ Kh7 43. h4 Qd4+ 44. Kf1 Qxh4 45. Qd8 d5 46. Qxa5 d4
47. Qd8 Qf4+ 0-1

[Event "Mechanics' Fall TNM; 30/90, SD/30"]
[Site "San Francisco"]
[Date "2009.12.08"]
[Round "8.23"]
[White "Litowsky, Daniel"]
[Black "Chamberlain, Ethan"]
[Result "1-0"]
[WhiteElo "1700"]
[BlackElo "1360"]
[PlyCount "95"]
[EventDate "2009.??.??"]

1. e4 c5 2. Nc3 g6 3. Bc4 Bg7 4. d3 Nc6 5. a3 Nf6 6. Nf3 O-O 7. h3 e6 8. O-O d5
9. exd5 exd5 10. Ba2 a6 11. Bg5 Qd6 12. Qd2 Re8 13. Bh6 Bh8 14. Rae1 Bd7 15.
Bf4 Qf8 16. Ne5 Nxe5 17. Bxe5 Bc6 18. Qf4 Nh5 19. Qh2 Qe7 20. f4 f6 21. Nxd5
Bxd5 22. Bxd5+ Kf8 23. Bc3 Qd6 24. Bc4 b5 25. Bb3 a5 26. Rxe8+ Kxe8 27. g4 b4
28. Qe2+ Kd8 29. gxh5 bxc3 30. bxc3 f5 31. Qe6 Qxe6 32. Bxe6 Bxc3 33. hxg6 Ra6
34. Bxf5 hxg6 35. Be4 Ke7 36. Rb1 Kf6 37. Kg2 Kg7 38. Kf3 Rf6 39. Kg4 Bd2 40.
Rf1 Kh6 41. h4 Bc3 42. a4 Bd2 43. f5 Bc3 44. Rb1 gxf5+ 45. Bxf5 Rd6 46. Rb7 Bg7
47. Ra7 Rd4+ 48. Be4 1-0

[Event "Mechanics' Wilkerson Mem TNM; 30/90, SD"]
[Site "San Francisco"]
[Date "2009.09.08"]
[Round "6.22"]
[White "Litowsky, Daniel"]
[Black "Hilliard, Michael"]
[Result "1-0"]
[WhiteElo "1705"]
[BlackElo "1400"]
[PlyCount "59"]
[EventDate "2009.??.??"]

1. e4 c6 2. d4 d5 3. Nc3 dxe4 4. Nxe4 Nd7 5. Bc4 Ngf6 6. Ng3 e6 7. Nf3 Be7 8.
O-O O-O 9. c3 Nb6 10. Bd3 Nbd5 11. Re1 b6 12. Ne5 Bb7 13. Nh5 g6 14. Nxf6+ Bxf6
15. Bh6 Bg7 16. Bxg7 Kxg7 17. Qg4 c5 18. dxc5 bxc5 19. Rad1 Qc7 20. h4 h5 21.
Qg5 Qd8 22. Qg3 Kh8 23. c4 Ne7 24. Bxg6 Qe8 25. Nxf7+ Rxf7 26. Qe5+ Kg8 27.
Qxe6 Kf8 28. Qxf7+ Qxf7 29. Bxf7 Kxf7 30. Rd7 1-0

[Event "Mechanics' Spring TNM; 30/90, SD/30"]
[Site "San Francisco"]
[Date "2009.03.24"]
[Round "2.22"]
[White "Litowsky, Daniel"]
[Black "James, Charles"]
[Result "1-0"]
[WhiteElo "1700"]
[BlackElo "1381"]
[PlyCount "47"]
[EventDate "2009.??.??"]

1. e4 e6 2. Nc3 d5 3. d4 dxe4 4. Nxe4 Nd7 5. Nf3 Ngf6 6. Bg5 Be7 7. Nxf6+ Nxf6
8. Bd3 Nd5 9. Bxe7 Qxe7 10. O-O Bd7 11. c3 Nf4 12. Be4 c6 13. Re1 O-O 14. Qd2
f5 15. Qxf4 fxe4 16. Qxe4 Qf6 17. Re2 Rae8 18. Rae1 Re7 19. c4 Rfe8 20. Ne5 Bc8
21. Re3 Qf5 22. Qh4 Qf6 23. Qh5 Rf8 24. Rf3 1-0

[Event "Mechanics' Fall TNM; 30/90, SD/30"]
[Site "San Francisco"]
[Date "2009.11.03"]
[Round "3.28"]
[White "Litowsky, Daniel"]
[Black "Mar, Henry"]
[Result "0-1"]
[WhiteElo "1700"]
[BlackElo "1500"]
[PlyCount "62"]
[EventDate "2009.??.??"]

1. e4 c6 2. d4 d5 3. Nc3 dxe4 4. Nxe4 Nd7 5. Bc4 Ngf6 6. Qe2 e6 7. Bg5 Be7 8.
Nxf6+ Bxf6 9. Bxf6 Nxf6 10. Nf3 O-O 11. c3 Re8 12. O-O Qc7 13. h3 b6 14. Ne5
Bb7 15. f4 Nd5 16. Rf3 Rad8 17. Raf1 c5 18. Rg3 Nf6 19. dxc5 Qxc5+ 20. Kh2 Re7
21. Bd3 Kh8 22. Rg5 Qd6 23. Rd1 Qc7 24. g3 h6 25. Rh5 Nxh5 26. Qxh5 Kg8 27. Qh4
Rd5 28. c4 Rd8 29. Qg4 Qc5 30. Qe2 Kh8 31. Nxf7+ Rxf7 0-1

[Event "Mechanics' Spring TNM; 30/90, SD/30"]
[Site "San Francisco"]
[Date "2009.04.14"]
[Round "5.14"]
[White "Litowsky, Daniel"]
[Black "Matz, James"]
[Result "0-1"]
[WhiteElo "1700"]
[BlackElo "1781"]
[PlyCount "52"]
[EventDate "2009.??.??"]

1. e4 d6 2. d4 g6 3. c4 Bg7 4. Nc3 Nd7 5. Nf3 e5 6. Be3 Ngf6 7. h3 O-O 8. Be2
exd4 9. Nxd4 Re8 10. Qc2 Nc5 11. f3 Nh5 12. O-O-O Ng3 13. Rhg1 Bd7 14. Bf2 Bh6+
15. Kb1 Nxe2 16. Ndxe2 a6 17. g4 Ne6 18. h4 b5 19. g5 Bg7 20. cxb5 axb5 21. a3
b4 22. axb4 Qc8 23. Nd4 Qa6 24. Nb3 Reb8 25. Qd3 Bb5 26. Nxb5 Qa2+ 0-1

[Event "Mechanics' Fall TNM; 30/90, SD/30"]
[Site "San Francisco"]
[Date "2009.11.24"]
[Round "6.28"]
[White "Litowsky, Daniel"]
[Black "Montoya, Daniel"]
[Result "1-0"]
[WhiteElo "1700"]
[BlackElo "1228"]
[PlyCount "97"]
[EventDate "2009.??.??"]

1. e4 e5 2. Nc3 Nf6 3. Bc4 Nc6 4. a3 Bc5 5. h3 O-O 6. Nf3 a6 7. d3 d6 8. O-O h6
9. Ne2 Be6 10. Ba2 Bxa2 11. Rxa2 d5 12. b4 dxe4 13. dxe4 Bd6 14. Ng3 Qe7 15.
Nf5 Qe6 16. Ra1 Nxe4 17. Nxd6 cxd6 18. Re1 Nf6 19. Bb2 Rfd8 20. Qe2 Rac8 21.
Rad1 Ne8 22. b5 axb5 23. Qxb5 Qa2 24. Ra1 Qe6 25. Rab1 Rb8 26. c4 f6 27. a4 Qe7
28. a5 Nc7 29. Qb6 Na8 30. Qb5 Qd7 31. Qd5+ Kh8 32. Ba3 Nc7 33. Qd3 d5 34. Rbd1
Nxa5 35. Nh4 Nxc4 36. Bc1 Kg8 37. Nf5 Nb6 38. Qg3 Kf7 39. f4 e4 40. Qxg7+ Ke6
41. Nd4+ Kd6 42. Qxf6+ Kc5 43. Ba3+ Kc4 44. Qxb6 (44. Rc1+ Kd3 45. Red1+ Ke3
46. Rc3#) 44... Na6 45. Rc1+ (45. Qb3#) 45... Kd3 46. Red1+ Ke3 47. Rc3+ Kxf4
48. Qxh6+ Ke5 49. Qg5+ 1-0

[Event "Mechanics' Spring TNM; 30/90, SD/30"]
[Site "San Francisco"]
[Date "2009.04.07"]
[Round "4.22"]
[White "Litowsky, Daniel"]
[Black "Morgan, Jerry"]
[Result "1-0"]
[WhiteElo "1700"]
[BlackElo "1420"]
[PlyCount "66"]
[EventDate "2009.??.??"]

1. e4 c6 2. d4 d5 3. Nd2 dxe4 4. Nxe4 Bf5 5. Ng3 Bg6 6. Nf3 Nd7 7. Bc4 e6 8.
O-O Ngf6 9. Re1 Qc7 10. c3 Bd6 11. Qb3 O-O-O 12. a4 h5 13. Bg5 Rde8 14. Qd1 Ng4
15. Bh4 Nb6 16. Bd3 Bxd3 17. Qxd3 Nd5 18. h3 Nxf2 $2 (18... Nf4 19. Qc2 Ng6 $11
) 19. Kxf2 Qb6 20. b4 Nf4 21. Qd2 Ng6 22. Ne4 Bf4 23. Qd3 Nxh4 24. Nxh4 f5 25.
Nc5 Rh6 26. Nxf5 Rf6 27. g4 Qc7 28. Kg2 hxg4 29. hxg4 Rh8 30. Ng3 Rfh6 31. Rh1
Bxg3 32. Rxh6 Rxh6 33. Qxg3 Rg6 1-0

[Event "Mechanics' Winter TNM; 30/90, SD/30"]
[Site "San Francisco"]
[Date "2009.01.13"]
[Round "2.22"]
[White "Litowsky, Daniel"]
[Black "Piccinini, Guido"]
[Result "0-1"]
[WhiteElo "1700"]
[BlackElo "1349"]
[PlyCount "66"]
[EventDate "2009.??.??"]

1. e4 e5 2. Nc3 d6 3. Bc4 Nc6 4. a3 a6 5. d3 h6 6. h3 Nf6 7. Nf3 Be7 8. O-O O-O
9. Ne2 Na5 10. Ba2 Nh7 11. Ng3 Nc6 12. c3 Be6 13. c4 Kh8 14. Be3 f5 15. exf5
Bxf5 16. Nxf5 Rxf5 17. Nh2 Bg5 18. Qd2 Qd7 19. Rad1 Nd4 20. f4 Bxf4 21. Bxf4
exf4 22. Rf2 Raf8 23. Qc3 c5 24. Nf3 Nxf3+ 25. Rxf3 Ng5 26. Rf2 Qf7 27. h4 Ne6
28. Rdf1 Nd4 29. Qe1 Qh5 30. Qe7 R8f7 31. Qxd6 Qxh4 32. b4 Rh5 33. Rxf4 Ne2#
0-1

[Event "Mechanics' Winter TNM; 30/90, SD/30"]
[Site "San Francisco"]
[Date "2009.01.27"]
[Round "4.28"]
[White "Litowsky, Daniel"]
[Black "Puryear, Ted"]
[Result "1-0"]
[WhiteElo "1700"]
[BlackElo "1124"]
[PlyCount "37"]
[EventDate "2009.??.??"]

1. e4 c5 2. Nc3 Nc6 3. Bc4 d6 4. Nf3 e5 5. h3 Be7 6. a3 Nf6 7. d3 O-O 8. O-O
Be6 9. Nd5 Nd4 10. Nxe7+ Qxe7 11. Nxd4 cxd4 12. Bxe6 fxe6 13. f4 Rac8 14. Bd2
Qc7 15. Rc1 Rf7 16. c3 dxc3 17. Rxc3 Qb6+ 18. Kh2 Qxb2 19. Rxc8+ 1-0

[Event "Mechanics' Summer TNM; 30/90, SD/30"]
[Site "San Francisco"]
[Date "2009.07.07"]
[Round "7.20"]
[White "Litowsky, Daniel"]
[Black "Rettenmaier, Robert"]
[Result "0-1"]
[WhiteElo "1700"]
[BlackElo "1596"]
[PlyCount "93"]
[EventDate "2009.??.??"]

1. e4 c5 2. Nc3 g6 3. Bc4 Bg7 4. Nf3 Nc6 5. a3 d6 6. h3 Nf6 7. d3 O-O 8. O-O a6
9. Ne2 Nd7 10. c3 Nde5 11. Nxe5 Nxe5 12. Bb3 Qb6 13. Be3 Nxd3 14. Bxf7+ Rxf7
15. Qxd3 Bd7 16. b4 Qb5 17. Qxb5 Bxb5 18. Rfe1 Bxe2 19. Rxe2 Bxc3 20. Rb1 cxb4
21. axb4 Be5 22. Reb2 e6 23. Rc1 Bf4 24. Bxf4 Rxf4 25. f3 Rf7 26. Rd1 Rd7 27.
Kf2 Kf7 28. Ke3 a5 29. Ra1 a4 30. b5 Ra5 31. g4 Rc7 32. Rb4 a3 33. Kd3 Rc5 34.
b6 Rcb5 35. Rxb5 Rxb5 36. Rxa3 Rxb6 37. Ke3 Rc6 38. Ra7 Rc7 39. Kf4 h6 40. h4
Re7 41. Ra8 d5 42. exd5 exd5 43. Rd8 Ke6 44. Rg8 Kd7 45. Rxg6 d4 46. g5 hxg5+
47. hxg5 {remainder illegible} 0-1

[Event "Mechanics' Wilkerson Mem TNM; 30/90, SD"]
[Site "San Francisco"]
[Date "2009.08.11"]
[Round "2.23"]
[White "Litowsky, Daniel"]
[Black "Rosenstein, Perry"]
[Result "1-0"]
[WhiteElo "1705"]
[BlackElo "1334"]
[PlyCount "57"]
[EventDate "2009.??.??"]

1. e4 c6 2. d4 d5 3. Nc3 dxe4 4. Nxe4 Bf5 5. Ng3 Bg6 6. Nf3 Nf6 7. Bc4 e6 8.
O-O Bd6 9. c3 O-O 10. Bg5 Nbd7 11. Qb3 Qc7 12. Rae1 Rae8 13. Nh4 c5 14. Nxg6
hxg6 15. Rd1 Bxg3 16. fxg3 Ne4 17. Bf4 e5 18. dxe5 Nxe5 19. Rfe1 Nf6 20. Re2
Re7 21. Rde1 Rfe8 22. Bb5 Nfd7 23. Bxd7 c4 24. Qc2 Qc5+ 25. Be3 Nf3+ 26. gxf3
Rxe3 27. Rxe3 Rxe3 28. Rxe3 Qxe3+ 29. Qf2 1-0

[Event "Mechanics' Spring TNM; 30/90, SD/30"]
[Site "San Francisco"]
[Date "2009.04.28"]
[Round "7.15"]
[White "Litowsky, Daniel"]
[Black "Russell, Joe"]
[Result "1-0"]
[WhiteElo "1700"]
[BlackElo "1831"]
[PlyCount "129"]
[EventDate "2009.??.??"]

1. e4 c5 2. Nc3 Nc6 3. Bc4 e6 4. a3 Nf6 5. d3 d5 6. exd5 exd5 7. Bb3 d4 8. Nce2
Bd6 9. h3 O-O 10. Nf3 Be6 11. Ba2 Bxa2 12. Rxa2 Qd7 13. O-O Rfe8 14. Re1 Qe6
15. Ra1 Qf5 16. Bd2 h6 17. Ng3 Bxg3 18. fxg3 Rxe1+ 19. Bxe1 Re8 20. Qd2 Nd5 21.
Bf2 b6 22. Re1 Rd8 23. Re4 Nf6 24. Re2 Nd5 25. g4 Qd7 26. Ne5 Nxe5 27. Rxe5 f6
28. Re4 f5 29. gxf5 Qxf5 30. Qe2 Nf6 31. Re7 Rd7 32. Rxd7 Qxd7 33. Qe5 Kh7 34.
Bg3 Nd5 35. Bf2 Qc6 36. c4 dxc3 37. bxc3 Nf6 38. c4 Qd7 39. d4 cxd4 40. Bxd4
Qf7 41. Qf5+ Qg6 42. Qxg6+ Kxg6 43. Kf2 Ne8 44. Kf3 Kf5 45. g4+ Ke6 46. a4 {
Diagram #} Nf6 47. h4 g6 48. Kf4 Ne8 49. c5 Nc7 50. cxb6 axb6 51. Ke4 Nd5 52.
Bg7 h5 53. gxh5 gxh5 54. Bd4 Kd6 55. Kf5 Kc6 56. Kg5 b5 57. axb5+ Kxb5 58. Kxh5
$18 Kc4 59. Bb2 Nf4+ 60. Kg4 Ng6 61. h5 Nf8 62. Kf5 Kd5 63. Kf6 Nd7+ 64. Kg7
Ke6 65. h6 1-0

[Event "Mechanics' Summer TNM; 30/90, SD/30"]
[Site "San Francisco"]
[Date "2009.06.25"]
[Round "5.15"]
[White "Litowsky, Daniel"]
[Black "Russell, Joe"]
[Result "1-0"]
[WhiteElo "1700"]
[BlackElo "1820"]
[PlyCount "177"]
[EventDate "2009.??.??"]

1. e4 e5 2. Nc3 Nf6 3. Bc4 Bc5 4. h3 O-O 5. Nf3 d6 6. O-O Nc6 7. a3 Be6 8. Ba2
Bxa2 9. Rxa2 Nd7 10. d3 h6 11. Na4 f5 12. Nxc5 Nxc5 13. exf5 Rxf5 14. b4 Ne6
15. c3 Qf6 16. Qb3 Kh8 17. Nh2 Nf4 18. Bxf4 exf4 19. f3 Re8 20. Ng4 Qe7 21. Qc4
h5 22. Nf2 a6 23. d4 d5 24. Qd3 Rf6 25. Qd2 Qe3 26. Kh2 Rfe6 27. Nd3 Qxd2 28.
Rxd2 g5 29. Nc5 Re3 30. Rc1 Nd8 31. a4 c6 32. a5 R8e7 33. c4 Nf7 34. cxd5 cxd5
35. Nd3 Nd6 36. Ne5 Kg7 37. Rc5 Re1 38. Rxd5 Nf5 39. Nd3 Kf6 40. Nxe1 Rxe1 41.
Re5 Rb1 42. Rde2 Nxd4 43. Re1 Rb2 44. Kg1 Rxb4 45. R5e4 Nc6 46. Rxb4 Nxb4 47.
Rb1 Nc6 48. Rxb7 Nxa5 49. Rb6+ Kf5 50. Rxa6 Nc4 51. Rc6 Ne5 52. Rc5 Kf6 53. Ra5
Nc4 54. Rc5 Ne5 55. Kf1 Ng6 56. Ke2 Nh4 57. Kf2 Nf5 58. Rc6+ Kf7 59. Ke1 Ne3
60. Kf2 Nf5 61. Rc7+ Ke6 62. Rh7 h4 63. Ke2 Ne3 64. Kd3 Nxg2 65. Ke4 Kf6 66.
Rh6+ Kg7 67. Ra6 Ne3 68. Ke5 Kf7 69. Rf6+ Kg7 70. Ke6 Ng2 71. Kf5 Ne1 72. Rg6+
Kf7 73. Rxg5 Nxf3 74. Rg4 Nd4+ 75. Kxf4 Ne6+ 76. Ke5 Nf8 77. Kf5 Nh7 78. Rxh4
Nf6 79. Rh6 Ng8 80. Rh7+ Kf8 81. Ra7 Ne7+ 82. Kf6 Ng8+ 83. Kg5 Ne7 84. h4 Nc6
85. Rc7 Nd4 86. Kf6 Kg8 87. h5 Nb5 88. Rd7 Nc3 89. h6 1-0

[Event "Mechanics' Fall TNM; 30/90, SD/30"]
[Site "San Francisco"]
[Date "2009.10.20"]
[Round "1.6"]
[White "Litowsky, Daniel"]
[Black "Sandberg, Evan"]
[Result "0-1"]
[WhiteElo "1700"]
[BlackElo "2095"]
[PlyCount "58"]
[EventDate "2009.??.??"]

1. e4 c5 2. Nc3 Nc6 3. Bc4 e6 4. a3 Nge7 5. d3 d5 6. Ba2 d4 7. Nce2 g6 8. Nf3
Bg7 9. O-O O-O 10. Ng3 Kh8 11. h3 Qc7 12. Bg5 f6 13. Bd2 Bd7 14. Qc1 f5 15. Bh6
f4 16. Bxg7+ Kxg7 17. Ne2 e5 18. c3 Qd6 19. cxd4 cxd4 20. Nh2 f3 21. Nxf3 Bxh3
22. Ng3 Rxf3 23. gxf3 Qf6 24. Kh2 Bxf1 25. Qxf1 Qxf3 26. Rc1 Rf8 27. Rc2 h5 28.
Qg2 Qxd3 29. Nxh5+ Kh6 0-1

[Event "Mechanics' Summer TNM; 30/90, SD/30"]
[Site "San Francisco"]
[Date "2009.06.09"]
[Round "3.12"]
[White "Litowsky, Daniel"]
[Black "Sandberg, Evan"]
[Result "0-1"]
[WhiteElo "1700"]
[BlackElo "2053"]
[PlyCount "46"]
[EventDate "2009.??.??"]

1. e4 c5 2. Nc3 Nc6 3. Bc4 e6 4. a3 Nge7 5. d3 d5 6. Ba2 d4 7. Nce2 Qc7 8. Nf3
Ng6 9. O-O Bd6 10. Ng3 h5 11. Re1 Nce5 12. Nxe5 Bxe5 13. Bd2 h4 14. Nf1 Nf4 15.
Bxf4 Bxf4 16. c3 Qe5 17. cxd4 Qxd4 18. Qf3 g5 19. Qe2 e5 20. h3 Bd7 21. Ne3
O-O-O 22. Nd5 Kb8 23. Rac1 Bxc1 0-1

[Event "Mechanics' Wilkerson Mem TNM; 30/90, SD"]
[Site "San Francisco"]
[Date "2009.09.22"]
[Round "8.16"]
[White "Litowsky, Daniel"]
[Black "Sherwood, Peter"]
[Result "1-0"]
[WhiteElo "1705"]
[BlackElo "1760"]
[PlyCount "39"]
[EventDate "2009.??.??"]

1. e4 c5 2. Nc3 Nc6 3. Bc4 Nf6 4. a3 e6 5. d3 Be7 6. h3 O-O 7. Nf3 d5 8. exd5
exd5 9. Ba2 h6 10. O-O b6 11. Ne2 Bb7 12. Ng3 Bd6 13. c3 Ne7 14. Nh4 Qd7 15. b4
Rab8 16. d4 cxd4 17. cxd4 Rbc8 18. Qf3 Nh7 19. Nhf5 Bb8 20. Qg4 1-0

[Event "Mechanics' Wilkerson Mem TNM; 30/90, SD"]
[Site "San Francisco"]
[Date "2009.08.25"]
[Round "4.19"]
[White "Litowsky, Daniel"]
[Black "Smith, Andrew"]
[Result "0-1"]
[WhiteElo "1705"]
[BlackElo "1548"]
[PlyCount "62"]
[EventDate "2009.??.??"]

1. e4 c5 2. Nc3 d6 3. Bc4 Nc6 4. a3 Nf6 5. d3 g6 6. h3 Bg7 7. Nf3 b6 8. O-O O-O
9. Be3 Nd7 10. Qd2 Bb7 11. Bh6 Nce5 12. Nxe5 Nxe5 13. Bb3 e6 14. Bxg7 Kxg7 15.
f4 Nc6 16. Ne2 Qf6 17. c3 h5 18. Rf2 Ne7 19. Raf1 h4 20. Kh1 Rh8 21. Ng1 Rag8
22. Nf3 d5 23. e5 Qf5 24. Bc2 d4 25. Ng5 Nd5 26. Kh2 Ne3 27. Re1 Nxc2 28. Qxc2
dxc3 29. Qxc3 Rd8 30. Re3 Rd4 31. Nf3 Qxf4+ 0-1

[Event "Mechanics' Summer TNM; 30/90, SD/30"]
[Site "San Francisco"]
[Date "2009.05.26"]
[Round "1.6"]
[White "Litowsky, Daniel"]
[Black "Snyder, Larry"]
[Result "0-1"]
[WhiteElo "1700"]
[BlackElo "2091"]
[PlyCount "48"]
[EventDate "2009.??.??"]

1. e4 d5 2. exd5 Qxd5 3. Nf3 Bg4 4. Be2 Nc6 5. Nc3 Qd7 6. d3 O-O-O 7. Be3 e5 8.
a3 f5 9. Bg5 Nf6 10. Qd2 Be7 11. h3 Bxf3 12. Bxf3 Nd4 13. O-O-O Nxf3 14. gxf3
h6 15. Bxf6 Bxf6 16. Qe3 Kb8 17. Qc5 a6 18. h4 Rhe8 19. h5 Re6 20. Kb1 Rc6 21.
Qa5 Qd4 22. Rd2 Rb6 23. Nd1 Qf4 24. Rh3 Rb5 0-1

[Event "Mechanics' Spring TNM; 30/90, SD/30"]
[Site "San Francisco"]
[Date "2009.04.28"]
[Round "7.19"]
[White "Livschitz, Jennifer"]
[Black "Askin, Michael"]
[Result "1/2-1/2"]
[WhiteElo "1681"]
[BlackElo "1731"]
[PlyCount "93"]
[EventDate "2009.??.??"]

1. e4 c5 2. Nf3 d6 3. d4 cxd4 4. Nxd4 Nf6 5. Nc3 g6 6. Bc4 Bg7 7. Be3 O-O 8.
Qd2 Nc6 9. f3 Bd7 10. O-O-O Qa5 11. Nb3 Qc7 12. Be2 Rfc8 13. g4 Ne5 14. h4 Nc4
15. Bxc4 Qxc4 16. h5 b5 17. hxg6 hxg6 18. g5 b4 19. Ne2 Ne8 20. Nf4 Ba4 21. Kb1
e6 22. Qd3 Qc7 23. Rd2 a5 24. Rdh2 Bxb3 25. cxb3 a4 26. Rc1 Qd7 27. Rxc8 Rxc8
28. Rc2 a3 29. bxa3 bxa3 30. Bc5 Ra8 31. Rd2 Qe7 32. Bxd6 Qxg5 33. Ne2 Rd8 34.
Bf4 Rxd3 35. Bxg5 Rxf3 36. Rd8 Kf8 37. Bd2 Ke7 38. Ra8 Bb2 39. Bb4+ Kd7 40.
Bxa3 Bxa3 41. Rxa3 Re3 42. Ra7+ Nc7 43. Nd4 Kd6 44. Ra4 g5 45. Rb4 g4 46. Nc2
Re2 47. e5+ 1/2-1/2

[Event "Mechanics' Winter TNM; 30/90, SD/30"]
[Site "San Francisco"]
[Date "2009.01.13"]
[Round "2.24"]
[White "Livschitz, Jennifer"]
[Black "Askin, Michael"]
[Result "0-1"]
[WhiteElo "1631"]
[BlackElo "1257"]
[PlyCount "60"]
[EventDate "2009.??.??"]

1. e4 c5 2. Nf3 d6 3. d4 cxd4 4. Nxd4 Nf6 5. Nc3 a6 6. Be3 e5 7. Nf3 Qc7 8. Be2
Be7 9. O-O h6 10. h3 Be6 11. Nd5 Bxd5 12. exd5 Nbd7 13. c4 O-O 14. Rc1 Rac8 15.
Nh4 Qd8 16. Nf5 Re8 17. f3 Bf8 18. Qd2 e4 19. Kh1 Ne5 20. b3 Qd7 21. Ng3 exf3
22. Bxf3 b5 23. Be2 bxc4 24. bxc4 Qa4 25. Bxh6 Nxc4 26. Bxc4 Rxc4 27. Qg5 Rxc1
28. Rxc1 Re5 29. Nf5 Ne4 30. Qf4 Rxf5 0-1

[Event "Mechanics' Spring TNM; 30/90, SD/30"]
[Site "San Francisco"]
[Date "2009.04.14"]
[Round "5.15"]
[White "Livschitz, Jennifer"]
[Black "Campers, Willie"]
[Result "0-1"]
[WhiteElo "1681"]
[BlackElo "1777"]
[PlyCount "100"]
[EventDate "2009.??.??"]

1. e4 e6 2. d4 d5 3. Nd2 Be7 4. Bd3 c5 5. c3 Nc6 6. Ne2 Bd7 7. Nf3 Nf6 8. e5
Ne4 9. Bxe4 dxe4 10. Nd2 cxd4 11. cxd4 Bb4 12. O-O O-O 13. Nxe4 Ne7 14. Bd2
Bxd2 15. Qxd2 Bc6 16. Nd6 Qb6 17. Rfd1 Rad8 18. Rac1 f6 19. Nf4 Bd7 20. Nc4 Qa6
21. b3 b5 22. exf6 Rxf6 23. Ne5 Bc8 24. Nh5 Rf5 25. Qe2 g6 26. Ng3 Rff8 27. Rc5
Rd5 28. Ne4 Bb7 29. Rxd5 Nxd5 30. Nc5 Nf4 31. Qd2 Qd6 32. g3 Nh3+ 33. Kf1 Rxf2+
34. Qxf2 Nxf2 35. Kxf2 Qf8+ 36. Ke3 Bd5 37. Rd2 Qf1 38. Ncd7 a5 39. Nc5 Qa1 40.
Ke2 a4 41. bxa4 bxa4 42. Nxa4 Bxa2 43. Nc5 Bd5 44. Ke3 Qg1+ 45. Kd3 Kg7 46. Kc3
Kf6 47. Kd3 Ke7 48. Kc3 Bg2 49. Kd3 Qxh2 50. Ne4 Bxe4+ 0-1

[Event "Mechanics' Spring TNM; 30/90, SD/30"]
[Site "San Francisco"]
[Date "2009.03.24"]
[Round "2.24"]
[White "Livschitz, Jennifer"]
[Black "Capdeville, Barry"]
[Result "1-0"]
[WhiteElo "1681"]
[BlackElo "1184"]
[PlyCount "75"]
[EventDate "2009.??.??"]

1. e4 c5 2. Nf3 d6 3. d4 cxd4 4. Nxd4 Nf6 5. Nc3 e6 6. Bc4 a6 7. f3 Be7 8. Be3
O-O 9. Qd2 Nc6 10. h4 Nh5 11. O-O-O Ne5 12. Bb3 Ng6 13. Bg5 b5 14. g4 Nhf4 15.
Bxf4 Nxf4 16. Nc6 Qc7 17. Nxe7+ Qxe7 18. Qxf4 b4 19. Ne2 e5 20. Qd2 Be6 21.
Qxd6 Qxd6 22. Rxd6 Bxb3 23. axb3 Rfd8 24. Rhd1 Rxd6 25. Rxd6 Kf8 26. c3 a5 27.
Rd5 f6 28. g5 Ke7 29. Ng3 g6 30. c4 a4 31. bxa4 Rxa4 32. b3 Ra1+ 33. Kd2 Ra2+
34. Kc1 Rg2 35. gxf6+ Kxf6 36. Nf1 Rg1 37. Rd1 Rh1 38. c5 1-0

[Event "Mechanics' Summer TNM; 30/90, SD/30"]
[Site "San Francisco"]
[Date "2009.06.25"]
[Round "5.17"]
[White "Livschitz, Jennifer"]
[Black "Goodall, Michael"]
[Result "1/2-1/2"]
[WhiteElo "1676"]
[BlackElo "1800"]
[PlyCount "110"]
[EventDate "2009.??.??"]

1. e4 c5 2. Nf3 Nc6 3. d4 cxd4 4. Nxd4 g6 5. Nc3 Bg7 6. Be3 Nf6 7. Bc4 d6 8. f3
O-O 9. Qd2 a6 10. O-O-O Ne5 11. Bb3 b5 12. Bh6 Nc4 13. Qg5 Qb6 14. Bxg7 Kxg7
15. h4 h6 16. Qg3 Bd7 17. h5 Rac8 18. hxg6 fxg6 19. Qf2 e5 $2 (19... Qc5 $11)
20. Ne6+ (20. Bxc4 exd4 21. Bb3 a5 22. Qxd4 Qxd4 23. Rxd4 a4 24. Rxd6 axb3 25.
e5) 20... Bxe6 21. Qxb6 Nxb6 22. Bxe6 Rcd8 $11 23. Rd2 Rfe8 24. Bb3 Re7 25.
Rhd1 Ne8 26. a4 b4 27. Nd5 Nxd5 28. Bxd5 Kf6 29. Bc6 Ke6 30. Rh1 h5 31. Rhd1
Nf6 32. Rd3 Rc7 33. Bd5+ Nxd5 34. Rxd5 Rc6 35. R5d3 Rdc8 36. R1d2 Rd8 37. Rb3
Rb8 38. Rd5 Rc5 39. Rbd3 Rb6 40. Rxc5 dxc5 41. Rd5 Rc6 42. b3 c4 43. bxc4 Rxc4
44. Kb2 Rc6 45. Kb3 h4 46. Ra5 g5 {Diagram #} 47. Rd5 (47. Kxb4 Rxc2 48. Rxa6+
Ke7 49. Rh6 Rxg2 50. a5 Kf7 51. a6 Ra2 52. Kb5 Kg7 53. Rh5 Kg6 54. Rh8 Kg7 $11)
47... Rc3+ 48. Kb2 Rc6 49. Rd8 Rd6 50. Rxd6+ Kxd6 51. Ka2 Kc5 52. Kb3 {
Diagram #} a5 (52... Kd4 53. Kxb4 Ke3 54. c4 Kf2 55. c5 Kxg2 56. c6 h3 57. c7
h2 58. c8=Q h1=Q $11) 53. c3 bxc3 54. Kxc3 Kd6 55. Kc4 Kc6 1/2-1/2

[Event "Mechanics' Winter TNM; 30/90, SD/30"]
[Site "San Francisco"]
[Date "2009.02.24"]
[Round "8.16"]
[White "Livschitz, Jennifer"]
[Black "Leavens, Weston"]
[Result "0-1"]
[WhiteElo "1631"]
[BlackElo "1797"]
[PlyCount "120"]
[EventDate "2009.??.??"]

1. e4 e6 2. d4 d5 3. Nd2 Nf6 4. e5 Nfd7 5. Bd3 c5 6. c3 Nc6 7. Ne2 Qb6 8. Nf3
cxd4 9. cxd4 Be7 10. O-O O-O 11. a3 f6 12. exf6 Nxf6 13. Re1 Bd7 14. Nf4 Nd8
15. Ne5 Be8 16. b4 Nf7 17. Ng4 Nxg4 18. Qxg4 Bd7 19. Nh5 g5 20. Bb2 Nh6 21. Qe2
Nf7 22. Bf5 Rae8 23. Bxe6 Bxe6 24. Qxe6 Qxe6 25. Rxe6 Bd8 26. Rae1 Nd6 27. Kf1
Ne4 28. Rxe8 Rxe8 29. Re3 Kf7 30. Ke2 Bb6 31. f3 Nd6 32. Rxe8 Nxe8 33. Kd3 Nd6
34. f4 Kg6 35. g4 Ne4 36. Ke2 h6 37. f5+ Kf7 38. Ng3 Nf6 39. h3 Bc7 40. Nf1 Bf4
41. Nd2 h5 42. gxh5 Nxh5 43. Nf1 Kf6 44. Ne3 Bxe3 45. Kxe3 Kxf5 46. Kf3 Nf6 47.
a4 Ne4 48. Ke3 a6 49. b5 axb5 50. axb5 Nd6 51. Bc3 Nxb5 52. Bb4 Nc7 53. Bc5 Ne6
54. Be7 b5 55. Bd6 Nf4 56. h4 Ng2+ 57. Kd3 gxh4 58. Kc3 Nf4 59. Kb4 h3 60. Kxb5
h2 0-1

[Event "Mechanics' Summer TNM; 30/90, SD/30"]
[Site "San Francisco"]
[Date "2009.06.09"]
[Round "3.17"]
[White "Livschitz, Jennifer"]
[Black "Persidsky, Andre"]
[Result "1-0"]
[WhiteElo "1676"]
[BlackElo "1855"]
[PlyCount "58"]
[EventDate "2009.??.??"]

1. e4 c5 2. Nf3 d6 3. d4 cxd4 4. Nxd4 Nf6 5. Nc3 Nc6 6. Be3 a6 7. Be2 e6 8. Qd2
Be7 9. O-O-O O-O 10. h4 Qc7 11. g4 Nxd4 12. Bxd4 b5 13. g5 Nd7 14. f4 Bb7 15.
Rhg1 Rac8 16. g6 hxg6 17. h5 d5 18. exd5 e5 19. fxe5 Bc5 20. Qd3 Bxd4 21. Qxd4
Rfe8 22. hxg6 Nf6 23. Bd3 b4 24. Ne2 Qa5 25. Kb1 Bxd5 26. Nc1 Rxe5 27. Qa7 Qc7
28. Qd4 Be4 29. Bc4 Nd5 1-0